Κουίζ Πολλαπλής Επιλογής Πόλης – Ρώμη - Statistics

General Stats
  • This quiz has been taken 33 times
  • The average score is 8 of 10
Answer Stats
Question Answer % Correct
Το Βατικανό φιλοξενεί τη μεγαλύτερη εκκλησία του κόσμου. Από ποιον πήρε το όνομά της αυτή η εκκλησία; Άγιο Πέτρο
100%
Στην αρχαία Ρώμη, το Κολοσσαίο τι ήταν; Αρένα πυγμαχίας
96%
Ποιο είναι το παρατσούκλι της Ρώμης; Η αιώνια πόλη
92%
Ποιος ποταμός διασχίζει τη Ρώμη; Τιβέριος
88%
Ποιο από αυτά είναι σύμβολο της πόλης της Ρώμης; Μια λύκαινα που θηλάζει δύο βρέφη
88%
Ποιοι ίδρυσαν τη Ρώμη, σύμφωνα με τη μυθολογία; Ρωμύλος και Ρέμος
85%
Σε ποια περιοχή της Ιταλίας βρίσκεται η Ρώμη; Λάτιο
77%
Τι ελπίζουν οι άνθρωποι να κερδίσουν πετώντας ένα νόμισμα στη Φοντάνα ντι Τρέβι; Επιστροφή στη Ρώμη
65%
Ποια ταινία του 1960 ενσάρκωσε τα ανέμελα, μεταπολεμικά χρόνια άνθησης της Ρώμης; Γλυκιά ζωή
62%
Ποια είναι η παραδοσιακή ημερομηνία ίδρυσης της Ρώμης; 753 π.Χ.
46%
No matching quizzes found
Score Distribution
Percent of People with Each Score
Percentile by Number Answered
Your Score History
You have not taken this quiz